000 00654nam a2200289Ia 4500
005 20260324135706.0
008 008 260324s9999 xx 000 0 eng d
020 _a9781351310925
037 _aEBOOK
040 _aCRL
040 _beng
040 _cCRL
041 _2eng
041 _aeng
084 _qCRL
100 _aWalter Lippmann
_91000280
245 0 _aForce and Ideas
245 4 _bThe Early Writings
260 _bTaylor and Francis
260 _c2000
365 _a
365 _b230
856 _uhttp://www.taylorfrancis.com/books/9781351310925
942 _cEBOOK
999 _c1802899
_d1802899